Physics without Metaphysics
Raphael Neelamkavil, Physics without Metaphysics? Bangalore: Dharmaram Publications, 2006, pages xxvi + 382, ISBN: 8186861-89-0.
| Main Author: | |
|---|---|
| Format: | Electronic Review |
| Language: | English |
| Check availability: | HBZ Gateway |
| Interlibrary Loan: | Interlibrary Loan for the Fachinformationsdienste (Specialized Information Services in Germany) |
| Published: |
2005
|
| In: |
Journal of Dharma
Year: 2005, Volume: 30, Issue: 4, Pages: 485-492 |
| Further subjects: | B
Book review
B Metaphysics B Physics |
| Online Access: |
Volltext (kostenfrei) |
MARC
| LEADER | 00000naa a22000002c 4500 | ||
|---|---|---|---|
| 001 | 1837803269 | ||
| 003 | DE-627 | ||
| 005 | 20230301101904.0 | ||
| 007 | cr uuu---uuuuu | ||
| 008 | 230301s2005 xx |||||oo 00| ||eng c | ||
| 035 | |a (DE-627)1837803269 | ||
| 035 | |a (DE-599)KXP1837803269 | ||
| 040 | |a DE-627 |b ger |c DE-627 |e rda | ||
| 041 | |a eng | ||
| 084 | |a 0 |2 ssgn | ||
| 100 | 1 | |a Chackalackal, Saju |e VerfasserIn |4 aut | |
| 245 | 1 | 0 | |a Physics without Metaphysics |
| 264 | 1 | |c 2005 | |
| 336 | |a Text |b txt |2 rdacontent | ||
| 337 | |a Computermedien |b c |2 rdamedia | ||
| 338 | |a Online-Ressource |b cr |2 rdacarrier | ||
| 520 | |a Raphael Neelamkavil, Physics without Metaphysics? Bangalore: Dharmaram Publications, 2006, pages xxvi + 382, ISBN: 8186861-89-0. | ||
| 601 | |a Metaphysik | ||
| 650 | 4 | |a Metaphysics | |
| 650 | 4 | |a Physics | |
| 655 | 7 | |a Rezension |0 (DE-588)4049712-4 |0 (DE-627)106186019 |0 (DE-576)209083166 |2 gnd-content | |
| 773 | 0 | 8 | |i Enthalten in |t Journal of Dharma |d Bengaluru : Dharmaram College, 1975 |g 30(2005), 4, Seite 485-492 |h Online-Ressource |w (DE-627)1765453895 |w (DE-600)3078855-9 |x 0253-7222 |7 nnas |
| 773 | 1 | 8 | |g volume:30 |g year:2005 |g number:4 |g pages:485-492 |
| 856 | 4 | 0 | |u http://dvkjournals.in/index.php/jd/article/view/576 |x Verlag |z kostenfrei |3 Volltext |7 0 |
| 951 | |a AR | ||
| ELC | |a 1 | ||
| LOK | |0 000 xxxxxcx a22 zn 4500 | ||
| LOK | |0 001 4281599282 | ||
| LOK | |0 003 DE-627 | ||
| LOK | |0 004 1837803269 | ||
| LOK | |0 005 20230301101904 | ||
| LOK | |0 008 230301||||||||||||||||ger||||||| | ||
| LOK | |0 040 |a DE-Tue135 |c DE-627 |d DE-Tue135 | ||
| LOK | |0 092 |o n | ||
| LOK | |0 852 |a DE-Tue135 | ||
| LOK | |0 852 1 |9 00 | ||
| LOK | |0 935 |a ixzs |a ixzo |a rwrk | ||
| LOK | |0 939 |a 01-03-23 |b l01 | ||
| OAS | |a 1 | ||
| ORI | |a SA-MARC-ixtheoa001.raw | ||
| REL | |a 1 | ||
| SUB | |a REL | ||



